000
003010000a22001450004500
003
MACL
040
_a
MACL
090
_c
36567
_d
36565
100
_a
Mende, Tibor
245
_a
China and her Shadow
260
_b
Thames and Hudson
_c
1961
350
_a
35
650
_a
History
942
_c
BOOK
_k
931/MEN
999
_c
36172
_d
36172